| 000 | 00872cab a22002055a 4500 | ||
|---|---|---|---|
| 001 | L137099 | ||
| 008 | 070314e2007 xxk 000 0 eng d | ||
| 035 | _a(Sirsi) u137099 | ||
| 041 | _aeng | ||
| 110 | 2 |
_aRoyal Institution of Chartered Surveyors _94900 |
|
| 245 | 0 | 0 |
_aRICS minerals and waste management southern conference 2006 _h[electronic resource] |
| 260 | _c2007 | ||
| 520 | _aProvides the powerpoint presentations of five speakers at the 2006 conference entitled 'The London 2012 Olympics: clearing the hurdles'. | ||
| 590 | _aKA | ||
| 651 | 4 | _aSOUTHERN ENGLAND | |
| 690 | _aENVIRONMENTAL AND LAND CONSULTANCY-WASTE MANAGEMENT | ||
| 690 | _aENVIRONMENTAL AND LAND CONSULTANCY-MINERAL RESOURCE MANAGEMENT | ||
| 856 | 4 | 0 |
_uhttps://www.rics.org/RICSWEB/getpage.aspx?p=R2RLur6NpkqGtFfq63csRg _zView the information free of charge at www.rics.org... |
| 942 | _n0 | ||
| 999 |
_c78554 _d78554 |
||